000 00667nam a22001817a 4500
003 NUST-PNEC
005 20170116180712.0
008 141015b xxu||||| |||| 00| 0 eng d
040 _cPNEC
082 _a671.5 LAU
100 _9601
_aLaughner Vallory H
245 _aHandbook of Fastening and Joining of Metal Parts
_bVallory H Laughner
260 _aNew York,
_b McGraw-Hill,
_cc.1956
300 _a622 p. :
_bill. :
_c29 cm.
500 _ahttp://www.amazon.com/HANDBOOK-FASTENING-JOINING-Laughner-Vallory/dp/B00CXK72NS/ref=sr_1_2?s=books&ie=UTF8&qid=1413359579&sr=1-2&keywords=handbook+of+fastening+and+joining+of+metal+parts
650 _xME
942 _2ddc
_cBK
999 _c61031
_d61031